000
00319nam a2200133Ia 4500
005
20251222142010.0
008
251222s9999||||xx |||||||||||||| ||spa||
020
_a
9968-41-007-1
082
_a
246.45/S28
100
_a
Scala, Jorge
245
0
_a
El Aborto en Preguntas y Respuestas
264
_b
Promesa
942
_c
LIB
999
_c
10296
_d
10296